Geografía por Letra - E - Estadísticas

Estadísticas generales
  • Esta prueba ha sido intentada 7.277 veces
  • La puntuación promedio es 13 de 20
Estadísticas de respuestas
Pista Respuesta % Correcto
La montaña más alta del mundo Everest
99%
El pais de Cleopatra Egipto
97%
United States Estados Unidos
97%
Moneda de la UE Euro
96%
Capital de Suecia Estocolmo
90%
País báltico Estonia
88%
País sin litoral en Europa Eslovaquia
84%
Capital de Escocia Edimburgo
77%
Se independizó de Etiopía en 1993 Eritrea
77%
País propietario de las Islas Galápagos Ecuador
71%
Río cerca del Tigris Eufrates
70%
Mar entre Grecia y Turquía Egeo
64%
Volcán siciliano Etna
59%
Animal nacional de Tailandia Elefante
55%
Irlanda en irlandés Éire
54%
Uno de los animales nacionales de Australia Emú
43%
Importante río alemán Elba
33%
La montaña más alta en Europa Elbrus
30%
Capital de Alberta Edmonton
27%
Parque Nacional en Florida Everglades
25%
No se encontraron pruebas coincidentes
Distribución de puntuación
Porcentaje de gente con cada puntuación
Porcentaje por número respondido
Historial de tus puntuaciones
No has intentado esta prueba.